| 000 | 01443cam a2200361Ma 4500 | ||
|---|---|---|---|
| 001 | 77277 | ||
| 005 | 20230410105522.0 | ||
| 008 | 090825s2009 fr b 001 0 fre d | ||
| 035 | _a(OCoLC)ocn461580037 | ||
| 040 |
_aMUQ _bfre _cMUQ _dBDF |
||
| 020 | _a9782707156181 | ||
| 020 | _a2707156183 | ||
| 029 | 1 |
_aZWZ _b132045117 |
|
| 035 | _a(OCoLC)461580037 | ||
| 041 | 1 |
_afre _heng |
|
| 050 | 1 | 4 |
_aHC 59.7 _bP436m 2009 |
| 082 | 0 | 0 | _a330.917 24 |
| 100 | 1 | _aPereira, Luiz Carlos Bresser. | |
| 245 | 1 | 0 |
_aMondialisation et compétition : _bpourquoi certains pays émergents réussissent et que d'autres non / _cLuiz Carlos Bresser-Pereira ; traduit de l'anglais par Yann Guillaud ; préface de Robert Boyer. |
| 260 |
_aParis : _bEditions La Découverte, _c2009. |
||
| 300 |
_a194 p.; _c21cm. |
||
| 500 | _aTraduit de: Globalization and competition | ||
| 504 | _aIncludes bibliographical references (p.183-192) and index. | ||
| 650 | 6 |
_aDéveloppement économique _zPays en voie de développement. |
|
| 650 | 6 |
_aFinances _zPays en voie de développement. |
|
| 651 | 6 |
_aPays en voie de developpement _xPolitique économique. |
|
| 650 | 7 |
_aMondialisation _zNouveaux pays industrialisés _y1990-.... _2ram |
|
| 650 | 7 |
_aCompétitivité (économie politique) _y1990-.... _2ram |
|
| 651 | 7 |
_aNouveaux pays industrialisés _xRelations économiques extérieures _y1990-.... _2ram |
|
| 942 |
_2lcc _cbk |
||
| 946 | _amjcruz | ||
| 994 |
_aC0 _bDRFGD |
||
| 999 |
_c38365 _d38365 |
||